Normal view
MARC view
- ISLAM-HADITH-SHUMAIL-E-TIRMAZI
Entry Topical Term
001 - CONTROL NUMBER
- control field: 79137
003 - CONTROL NUMBER IDENTIFIER
- control field: NUST
005 - DATE AND TIME OF LATEST TRANSACTION
- control field: 20210628210358.0
008 - FIXED-LENGTH DATA ELEMENTS
- fixed length control field: 210628|| aca||aabn | a|a d
040 ## - CATALOGING SOURCE
- Original cataloging agency: NUST
- Transcribing agency: NUST
150 ## - HEADING--TOPICAL TERM
- Topical term or geographic name entry element: ISLAM-HADITH-SHUMAIL-E-TIRMAZI
670 ## - SOURCE DATA FOUND
- Source citation: Work cat.: (NUST): Muhammad Zikria Hazrat Moulana Muhammad Zikria 79136, Shumail-e-tirmazi khasayaal nabvi, 1998
